Family Guy Quiz Stats

 Plays Quiz Updated Aug 9, 2017

Support Sporcle.
Go Orange.
Score 0/42 Timer 06:00
4 Plays Today
Character % Correct
Peter Griffin
98.7%
Meg Griffin
96.9%
Stewie Griffin
96.5%
Brian Griffin
95.9%
Lois Griffin
93.4%
Chris Griffin
92.2%
Glenn Quagmire
88.4%
Jesus
88.2%
God
84.9%
Death
84.9%
Cleveland Brown
84.4%
Joe Swanson
82.3%
Evil Monkey
72.6%
Mayor Adam West
68.6%
Tom Tucker
62.8%
Loretta Brown
59.4%
Bonnie Swanson
54.7%
Mort Goldman
52.1%
Ollie Williams
46.8%
Greased-Up Deaf Guy
46.5%
Herbert
45.9%
Character % Correct
Diane Simmons
43.9%
Carter Pewterschmidt
38.5%
Neil Goldman
36.9%
Francis Griffin
31.4%
Mr. Weed
30.3%
Tricia Takanawa
29.4%
Barbara Pewterschmidt
29.3%
Jillian
27.8%
Opie
24.4%
Connie D'Amico
23.9%
Jake Tucker
23.1%
Ernie the Giant Chicken
21%
Thelma Griffin
20.6%
Dr. Hartman
16.1%
Captain Seamus
15.6%
Bruce, Performance Artist
14.2%
Carl
13.8%
Horace
13.5%
Angela
12.8%
Vern and Johnny
8.6%
Fouad
7.3%

From the Vault

Consistent Movie Characters

by Hejman

Movies 6m
Sure it's nice to appear in every movie, but a paycheck helps too.
Remove Ads.
Support Sporcle.
Get the best of Sporcle when you Go Orange. This ad-free experience offers more features, more stats, and more fun while also helping to support Sporcle. Thank you for becoming a member.

Show Comments

Extras

Top Quizzes Today


Score Distribution

Your Account Isn't Verified!

In order to create a playlist on Sporcle, you need to verify the email address you used during registration. Go to your Sporcle Settings to finish the process.

Report this User

Report this user for behavior that violates our Community Guidelines.

Details: